| 000 | 00819 a2200253 4500 | ||
|---|---|---|---|
| 003 | OSt | ||
| 005 | 20180116192334.0 | ||
| 008 | 120209t xxu||||| |||| 00| 0 eng d | ||
| 010 | _a 73087587 | ||
| 020 | _a0520023277 | ||
| 040 | _c0 | ||
| 082 | 0 | 0 | _a701.15 |
| 100 | 1 | _aArnheim, Rudolf. | |
| 245 | 1 | 0 |
_aArt and visual perception : _ba psychology of the creative eye / _cRudolf Arnheim. |
| 250 | _aNew version, expanded and rev. ed. | ||
| 260 |
_aBerkeley : _bUniversity of California Press, _c[1974] |
||
| 300 |
_ax, 508 p., [2] leaves of plates : _bill. ; _c23 cm. |
||
| 500 | _aIncludes index. | ||
| 650 | 0 |
_aArt _xPsychology. |
|
| 650 | 0 | _aVisual perception. | |
| 650 | 0 |
_aArt _xPsychological aspects |
|
| 942 |
_aSADA _cBK _k701.15 ARN 1974 _2ddc |
||
| 999 |
_c352408 _d352408 |
||